THE QUICK& EASY WAY TO EFFECTIVE SPEAKING (Record no. 3839)
[ view plain ]
| 000 -LEADER | |
|---|---|
| fixed length control field | 00320nam a22001337a 4500 |
| 020 ## - INTERNATIONAL STANDARD BOOK NUMBER | |
| ISBN | 81-88030-43-9 |
| 082 ## - DEWEY DECIMAL CLASSIFICATION NUMBER | |
| Classification number | 425 |
| Item number | CAR/Q |
| 100 ## - MAIN ENTRY--AUTHOR NAME | |
| Personal name | CARNEGIE,DALE |
| 245 ## - TITLE STATEMENT | |
| Title | THE QUICK& EASY WAY TO EFFECTIVE SPEAKING |
| 260 ## - PUBLICATION, DISTRIBUTION, ETC. (IMPRINT) | |
| Place of publication | AGRA |
| Name of publisher | SULABH PUBLICATION |
| 300 ## - PHYSICAL DESCRIPTION | |
| Number of Pages | 183 |
| 650 ## - SUBJECT ADDED ENTRY--TOPICAL TERM | |
| Topical Term | EFFECTIVE SPEAKING |
| Geographic subdivision | DELHI |
| 942 ## - ADDED ENTRY ELEMENTS (KOHA) | |
| Koha item type | Books |
| Withdrawn status | Lost status | Collection code | Home library | Current library | Shelving location | Date acquired | Source of acquisition | Full call number | Accession Number | Koha item type |
|---|---|---|---|---|---|---|---|---|---|---|
| Reference | Main Library | Main Library | SHELF-16C -ENGLISH GRAMMAR SYNONYMS7ANTONYMS,LETTERS, ETC | 14/08/2013 | PURCHASE | 425 CAR/Q | 07556 | Books |